Bonne orthographe - Mort Subite #2 - Statistiques

Statistiques générales
  • Ce quiz a été pris 1 545 fois
  • Le résultat moyen est 5 sur 20
Answers on the Grid
Answers color-coded by a green-red scale on the quiz's grid according to % correct below.
Athléthique
Formidable
Trisomie
Quelquonque
Aulx
Drakar
Orignal
Compation
Imeuble
Pétrichor
Guiniole
Météorisme
Établissement
Précision
Haltèrre
Ciboulateur
Cairotes
Xylophages
Chromosome
Sarcoïdose
Pepignériste
Philanthropie
Ecstasy
Gorgonzola
Déclique
Kleptomane
Chleuasme
Souflet
Croquignolesque
Embrouillamini
Touyette
Ambuscade
Malaquite
Urologyque
Acrimonie
Burothique
 
Statistiques - réponses
Réponse % Correct
Précision
56%
Trisomie
56%
Formidable
55%
Établissement
53%
Chromosome
51%
Gorgonzola
38%
Philanthropie
29%
Ecstasy
27%
Kleptomane
27%
Orignal
26%
Météorisme
20%
Xylophages
16%
Sarcoïdose
13%
Pétrichor
12%
Acrimonie
11%
Croquignolesque
11%
Aulx
9%
Cairotes
8%
Embrouillamini
6%
Chleuasme
5%
Aucun quiz correspondant
Distribution des résultats
% des personnes avec chaque résultat
Percentile par nombre de réponses
Votre historique - résultats
Vous n’avez pas pris ce quiz